zpět

Detail výsledku týmu

U Pošty - Vinohrady ÚT, Praha

Datum a čas kvízu

23 Celkem bodů Celkový počet nahraných bodů na tomto kvízu bez doplňovacích otázek.
8. Pořadí na kvízu Konečné umístění týmu na tomto kvízu.

Zaznamenané odpovědi

# Otázka Odpověď Body Výsledky
1. Poblíž nájezdu na dálnici D6 k... Sokolov 0
2. V jihoitalské Apulii se konal... papeže 0
3. Na platformě Voyo byl minulý t... Mozaika 0
4. V Ostravě se minulý týden kona... jezdí na baterky (akumulátory) 0
5. Koncem týdne se na trase Praha... mil československých 1
6. Téma začneme u Arnolda Schwarz... Olympia, Universe 0
7. George Weah byl v letech 2018... AC Milán 1
8. Mezi poslanci Parlamentu ČR se... Pavel Ploc, Jakub Janda 1
9. Také hokejisty to táhne po kon... mistrovství světa, olympijské hry, Stanley Cup 1
10. Pavel Bém je bývalým pražským... lékař (psychiatr) 0